|
|
|
|
| LEADER |
01565nam a2200313 4500 |
| 001 |
33075 |
| 003 |
BD-DhAAL |
| 005 |
20180514154726.0 |
| 008 |
180514t2011 bg a|||| b||| 00| 0 ben d |
| 999 |
|
|
|c 39330
|d 39330
|
| 020 |
|
|
|a 9789848901632
|
| 040 |
|
|
|a BD-DhAAL
|
| 041 |
|
|
|a BEN
|
| 082 |
|
|
|2 23
|a 954.9205
|
| 100 |
|
|
|a রাহমান, মুহম্মদ সায়েদুর
|9 25848
|
| 245 |
|
|
|a প্রসঙ্গঃ মুক্তিযুদ্ধে হবিগঞ্জ /
|c মুহম্মদ সায়েদুর রাহমান
|
| 246 |
|
|
|a Prosongo : muktijudde hobigonj
|
| 260 |
|
|
|b উৎস প্রকাশন,
|a ঢাকা :
|c ২০১১
|
| 300 |
|
|
|a ৩২০ পৃষ্ঠা :
|b চিত্র ;
|c ২২ সে.মি.
|
| 504 |
|
|
|6 বিবলিওগ্রাফী অন্তর্ভুক্ত
|
| 520 |
|
|
|a Articles on the role and contribution of Habiganj District in the 1971 liberation movement of Bangladesh
|
| 526 |
|
|
|a AAL
|
| 541 |
|
|
|a Development Book Agency
|e 33075
|
| 651 |
|
|
|a Bangladesh
|x History
|y Revolution, 1971
|9 25849
|
| 651 |
|
|
|a Habiganj District (Bangladesh)
|x Politics and government
|9 25860
|
| 651 |
|
|
|a বাংলাদেশ
|x ইতিহাস
|y মুক্তিযুদ্ধ, ১৯৭১
|9 25850
|
| 852 |
|
|
|a Ayesha Abed Library
|c Bangabandhu Corner
|
| 942 |
|
|
|2 ddc
|c BK
|
| 952 |
|
|
|0 0
|1 0
|2 ddc
|4 0
|6 954_920500000000000_RAH
|7 0
|9 63288
|a BRACUL
|b BRACUL
|c BNC
|d 2018-05-13
|e Development Book Agency
|g 405.00
|l 0
|o 954.9205 RAH
|p 3010033075
|r 2018-05-13
|t 1
|v 450.00
|w 2018-05-13
|y BK
|